|
|
|
|
| LEADER |
00000nam a22000007a 4500 |
| 005 |
20180224140122.0 |
| 007 |
cr|||| |||| |
| 008 |
180224s2016 ar |||||s|||| 00||0 spa d |
| 020 |
|
|
|a 987-9086-48-1
|
| 035 |
|
|
|a 21004
|
| 040 |
|
|
|a vLex
|
| 090 |
|
|
|c 7406
|d 7406
|
| 245 |
0 |
0 |
|a Legislacin̤ procesal administrativa
|h [Recurso electrn̤ico] :
|b Provincia de Buenos Aires y Nacin̤
|
| 250 |
|
|
|a 12® edicin̤
|
| 256 |
|
|
|a Servicio en ln̕ea
|
| 260 |
|
|
|a La Plata:
|b Editorial Scotti Libros,
|c 2016
|
| 300 |
|
|
|a 1 recurso electrn̤ico (264 p.)
|
| 500 |
|
|
|a 12® edicin̤ actualizada.
|
| 506 |
1 |
|
|a Disponible solo en los productos indicados
|d vLex Global
|d vLex Global (Academic Edition, excluding Law Schools)
|d vLex Global (U.S. Academic Edition, Law Schools)
|d vLex Global (U.S. Academic Edition, excluding Law Schools)
|d vLex Global (Academic Edition, Law Schools)
|
| 650 |
0 |
4 |
|a Derecho Pb︢lico y Administrativo
|z Argentina
|
| 650 |
0 |
4 |
|a Derecho Procesal
|z Argentina
|
| 740 |
0 |
|
|a vLex Libros (Servicio en ln̕ea)
|
| 856 |
4 |
0 |
|u http://vlex.com/source/legislacion-procesal-administrativa-provincia-buenos-aires-nacion-21004
|z Acceso restringido
|
| 942 |
|
|
|c BOOK
|
| 999 |
0 |
|
|a Public and Administrative Law
|
| 999 |
0 |
|
|a Procedural Law
|